The expert witness. (Record no. 85609)

MARC details
000 -LEADER
fixed length control field 00817cam a2200253 4500
008 - FIXED-LENGTH DATA ELEMENTS--GENERAL INFORMATION
fixed length control field 090401t1992 xxu||||| |||| 00| 0 eng d
020 ## - INTERNATIONAL STANDARD BOOK NUMBER
International Standard Book Number 1872328261
035 ## - SYSTEM CONTROL NUMBER
System control number (Sirsi) u1002
041 ## - LANGUAGE CODE
Language code of text/sound track or separate title eng
050 ## - LIBRARY OF CONGRESS CALL NUMBER
Classification number 347.41067
100 ## - MAIN ENTRY--PERSONAL NAME
Personal name Hall, Jean Graham
245 04 - TITLE STATEMENT
Title The expert witness.
260 ## - PUBLICATION, DISTRIBUTION, ETC.
Place of publication, distribution, etc. Chichester
Name of publisher, distributor, etc. Barry Rose Law Publishers Ltd.
Date of publication, distribution, etc. 1992
300 ## - PHYSICAL DESCRIPTION
Extent 95,xixp. ; 21cm.
350 ## - PRICE (NR) (BK AM CF MU VM SE) [OBSOLETE]
Price 22
520 ## - SUMMARY, ETC.
Summary, etc. A practical introduction to the procedures and problems likely to be encountered by professionals acting as expert witnesses in civil and criminal proceedings or arbitration cases. The second author is a Chartered Surveyor.
650 ## - SUBJECT ADDED ENTRY--TOPICAL TERM
Topical term or geographic name entry element EVIDENCE
650 ## - SUBJECT ADDED ENTRY--TOPICAL TERM
Topical term or geographic name entry element EXPERT WITNESSES
650 ## - SUBJECT ADDED ENTRY--TOPICAL TERM
Topical term or geographic name entry element TRIALS
690 ## - LOCAL SUBJECT ADDED ENTRY--TOPICAL TERM (OCLC, RLIN)
Topical term or geographic name as entry element LAW
700 ## - ADDED ENTRY--PERSONAL NAME
Personal name Smith, Gordon D.
942 ## - ADDED ENTRY ELEMENTS (KOHA)
Suppress in OPAC 0
948 ## - LOCAL PROCESSING INFORMATION (OCLC); SERIES PART DESIGNATOR (RLIN)
c (OCLC) 04/03/1997
Holdings
Withdrawn status Lost status Source of classification or shelving scheme Damaged status Not for loan Home library Current library Shelving location Date acquired Cost, normal purchase price Total Checkouts Full call number Barcode Date last seen Copy number Cost, replacement price Price effective from Koha item type
    Dewey Decimal Classification     London London Basement 25/09/1992 22.00   SHELF 311 30034000 06/08/2019 1 22.00 06/08/2019 Book